000 00392nam a2200145Ia 4500
008 230917s9999||||xx |||||||||||||| ||und||
040 _e169743
_aMAIN
041 _aEnglish
082 _a891.432751 SR23G
100 _aशर्मा, राजेश
245 0 _aगन्ध माटी
260 _aदिल्ली
_bबजरंग
_c1996
300 _a79 पृ. p.
942 _cHN
999 _c96619
_d96619